000
00208 a2200109 4500
020
_a
0590130676
041
_a
spa
100
_a
Carle, Eric
245
_a
La Mariquita Malhumorada
942
_c
BK
952
_7
2
999
_c
17524
_d
17524